| 000 | 00453nam a2200169 4500 | ||
|---|---|---|---|
| 001 | 123685 | ||
| 003 | ES-MaACL | ||
| 005 | 20230906192223.0 | ||
| 007 | t| | ||
| 008 | 070214s1976 sp r ||||1| spa d | ||
| 100 | 1 |
_aQuintanilla, Manuel. _994699 |
|
| 245 | 1 | 3 |
_aEl pensamiento de Fraga / _cManuel Quintanilla. |
| 250 | _a1ª. ed. | ||
| 260 |
_aGuadalajara : _bOcejón, _c1976. |
||
| 300 |
_a322 p. ; _c18 cm. |
||
| 852 |
_aES-MaACL _jA-5810 _bR.94777 |
||
| 999 |
_c123685 _d123685 |
||